Teori -Teori Ekonomi Politik (Catatan no. 25665)

000 -LEADER
fixed length control field 00384nam a22001457a 4500
020 ## - INTERNATIONAL STANDARD BOOK NUMBER
ISBN 978-602-8300-07-0
084 ## - OTHER CLASSIFICATION OF CALL NUMBER
Call Number (Nomor Katalog) 119-0660 CAP Pol Bo.1
100 ## - MAIN ENTRY--AUTHOR NAME
Personal name (Pengarang) James A.Caporaso
245 ## - TITLE STATEMENT
Sub Title (Anak Judul) Teori -Teori Ekonomi Politik
250 ## - EDITION STATEMENT
Edition statement (Edisi) Ke-1
260 ## - PUBLICATION, DISTRIBUTION, ETC. (IMPRINT)
Place of publication (Tempat Terbit/Kota) Yogyakarta
Name of publisher (Nama Penerbit) Pustaka Pelajar
Year of publication (Tahun Terbit) 2008
300 ## - PHYSICAL DESCRIPTION
Number of Pages (Jumlah Halaman) i-xxii + 598 hlm
650 ## - SUBJECT ADDED ENTRY--TOPICAL TERM
Topical Term (Topik 1) Politics, Politik
Relator term (Topik 2) P-O-L
Form subdivision (Topik 3) Teori Politik
942 ## - ADDED ENTRY ELEMENTS (KOHA)
Koha item type Books (Buku)
Holdings
Withdrawn status Lost status Damaged status Not for loan Permanent Location (Lokasi Permanen) Current Location (Lokasi Sekarang) Shelving location (Lokasi Rak) Date acquired Full call number (Nomor Katalog) Barcode Price effective from Koha item type (Jenis Koleksi) Public note (Keterangan)
        Fisip Unmul Main Library Fisip Unmul Main Library Bookshelf 04/02/2026 119-0660 CAP Pol Bo.1 119066001 04/02/2026 Books (Buku) Sumbangan Dari Muhammad Guruh Mahasiswa PS Ilmu Pemerintahan